000 00610nam a2200217Ia 4500
003 GCL
008 140319s9999 xx 000 0 ara d
040 _aGCL /
_cGCL
082 0 4 _a191
_bز ب
100 1 _aزكى نجيب محمود
245 1 0 _aبذور وجذور /
_cزكى نجيب محمود
260 _aالقاهرة :
_bدار الشروق ،
_c1990
300 _a423 ص ؛
_c20 سم
490 _a
650 0 4 _aمصر
650 0 4 _aتاريخ
650 0 4 _aالثقافة
650 0 4 _aالثقافة العربية
650 0 4 _aالثقافة الجماهيرية
942 _2ddc
_cBK
999 _c43910
_d43910